000 00681nam a2200205 a 4500
001 000009953
005 20240412074214.0
008 091002s2005 dr r 000 p spa d
040 _aDO-SdBNP
_bspa
_cBNPHU
082 _aRD861.44
_bC987e
100 1 _aCustodio, Roberto,
_d1972-
_924901
245 1 0 _aEntre luces y sombras :
_bpoemas /
_cRoberto Custodio.
260 _aSanto Domingo :
_bImpresora Doble G,
_c2005.
300 _a67 p. ;
_c21 cm.
500 _aIncluye datos biográficos del autor en la contra cubierta.
590 _aInventariado, 2018/BT
650 0 _aPoesía dominicana
_966
650 0 _aLiteratura dominicana.
_967
910 _aValidado. Control de calidad. MFF
999 _c9712
_d9712